Tusiad members company profiles : a brief "who's who" of leading Turkish companies.

Bibliographic Details
Format: Book
Published: Istanbul: Turkish Industrialists and Businessmen's Association, 1991.
Edition:3rd ed..
Subjects:
LEADER 00555cam a2200169 7i4500
001 0000003516
005 19991025090000.0
002 ##000004886
020 0 0 |a T000004400  
090 0 0 |a TURK 380.06   |b TUS 
245 1 0 |a Tusiad members company profiles :   |b a brief "who's who" of leading Turkish companies. 
250 0 0 |a 3rd ed.. 
260 0 0 |a Istanbul:   |b Turkish Industrialists and Businessmen's Association,   |c 1991. 
300 0 0 |a 610 p.. 
650 0 0 |a Business enterprises#  |a Directories  
651 0 0 |a Turkey  
999 |a 0000005710  |b Book  |c Open shelf  |e Business Information Centre